000
00305nam a22001337a 4500
008
190206b xxu||||| |||| 00| 0 eng d
020
_a
9780132982337
041
_a
eng
080
_a
510
100
_a
38
101
_a
MAT
245
_a
Excursions in Modern Mathematics
_c
Tannenbaum,P
942
_2
udc
_c
BK
999
_c
54101
_d
54101